La conservation de l'energie / (Record no. 165781)

MARC details
000 -LEADER
campo de control de longitud fija 00883nam a2200193 i 4500
001 - NÚMERO DE CONTROL
campo de control 165781
003 - IDENTIFICADOR DE NÚMERO DE CONTROL
campo de control ES-MaACL
005 - FECHA Y HORA DE LA ÚLTIMA TRANSACCIÓN
campo de control 20230906213214.0
008 - DATOS DE LONGITUD FIJA--INFORMACIÓN GENERAL
campo de control de longitud fija 931025s1875 fr a |||| | fre d
100 1# - ENTRADA PRINCIPAL--NOMBRE DE PERSONA
Nombre de persona Stewart, Balfour.
9 (RLIN) 132907
245 13 - MENCIÓN DEL TÍTULO
Título La conservation de l'energie /
Mención de responsabilidad, etc. par Balfour Stewart ; suivi d'une étude sur la nature de la force par P. de Saint-Robert.
260 ## - PUBLICACIÓN, DISTRIBUCIÓN, ETC.
Lugar de publicación, distribución, etc. Paris :
Nombre del editor, distribuidor, etc. Germer Baillière,
Fecha de publicación, distribución, etc. 1875 (
Fabricante Typ. A. Moussin)
300 ## - DESCRIPCIÓN FÍSICA
Extensión II, 216 p. :
Otras características físicas il. ;
Dimensiones 22 cm.
490 1# - MENCIÓN DE SERIE
Mención de serie Bibliotheque scientifique internationale ;
Designación de volumen o secuencia 10
700 1# - ENTRADA AGREGADA--NOMBRE PERSONAL
Nombre de persona Saint-Robert, Paul
Títulos y otros términos asociados al nombre , Comte de (
Fechas asociadas al nombre 1815-1888)
9 (RLIN) 132294
830 0# - PUNTO DE ACCESO ADICIONAL DE SERIE-TÍTULO UNIFORME
Título uniforme Bibliotheque scientifique internationale ;
Designación de volumen o secuencia 10
9 (RLIN) 186949
852 ## - LOCALIZACIÓN
Ubicación ES-MaACL
Número de control de estantería F-14340
Nota libre -- Enc. editorial en tela
-- -- Enc. con 32 p. del catálogo editorial de Noviembre de 1874
Encuadernación -- Edic.: El nº de la serie es el 10
Holdings
Estatus retirado Estado de pérdida Estado de daño No para préstamo Colección Biblioteca de origen Biblioteca actual Ubicación en estantería Fecha de adquisición Fuente de adquisición Total de préstamos Signatura topográfica completa Código de barras Visto por última vez Precio de reemplazo Tipo de ítem Koha
        Libros del s. XIX Biblioteca del Ateneo de Madrid Biblioteca del Ateneo de Madrid Sala Pecera Planta 2 17/01/2008     F-14340 1173859 23/02/2023 23/02/2023 Libro impreso antiguo